Vista normal
Vista MARC
Entrada Materia (geográfica)
Número de registros utilizados en: 1
001 - CONTROL NUMBER
- control field: 43191
003 - CONTROL NUMBER IDENTIFIER
- control field: Co-BoUCM
005 - DATE AND TIME OF LATEST TRANSACTION
- control field: 20130820084626.0
008 - FIXED-LENGTH DATA ELEMENTS
- fixed length control field: 130820|| aca||aabn | a|a d
040 ## - CATALOGING SOURCE
- Original cataloging agency: Co-BoUCM
- Transcribing agency: Co-BoUCM
151 ## - HEADING--GEOGRAPHIC NAME
- Geographic name: Turkey
- General subdivision: Foreign relations
670 ## - SOURCE DATA FOUND
- Source citation: Work cat.: (Co-BoUCM)171270: Park, Bill 43190, Modern Turkey, 2012